| 000 | 00564nam a2200169 i 4500 | ||
|---|---|---|---|
| 001 | 40017 | ||
| 003 | ES-MaACL | ||
| 005 | 20250626063137.0 | ||
| 007 | t| | ||
| 008 | 030304s1964 sp ||||1| spa d | ||
| 100 | 0 |
_aCarranza, José León de, _cMarqués de Villapesadilla _935504 |
|
| 245 | 1 | 0 |
_aExposición del alcalde de Cádiz... / _cJosé León Carranza, Marqués de Villapesadilla. |
| 260 |
_aCádiz : _bAyuntamiento, _c1964. |
||
| 300 |
_a30 p. : _b2 gráf., 1 map. ; _c22 cm. |
||
| 852 |
_aES-MaACL _j2040-F-21 _bR.54947 |
||
| 999 |
_c40017 _d40017 |
||